000 00306nam a2200121Ia 4500
008 190216s9999||||xx |||||||||||||| ||und||
100 _aQuiller Couch A T
245 4 _aThe Kings Treasuries Of Literature
260 _bJ M Dent &sons Ltd
_c1951
300 _a254p
650 _aEnglish Stories
942 _cBK
999 _c11643
_d11643